000 01640nam a2200385 c 4500
003 BLK
005 20250403151813.0
008 180408b bul|||||r ||||||| ||bul||
010 _aKNG00096225000
020 _a978-954-529-727-4
_bиздат.: Колибри
040 _aBLK
041 _aBUL
_cBUL
080 _aАнглийска литература
_b821.111
_x-93-32
_z821.111-93-32
100 1 _aФренч, Вивиан
_eпърви автор
_9276981
700 _aДонева, Мария
_qПетрова, Мария Донева
_d1974-
_gПоетеса, детска писателка.
_9365115
700 1 _aГиб, Сара
_eил.
_9276982
139 _aФренч, Вивиан
_bФ 82
245 1 0 _aПринцеса Шарлот и омагьосаните рози
_cВивиан Френч; прев. Мария Донева; ил. Сара Гиб.
257 _aGBR
260 София
_bКолибри
_c2009
_fСофия : Инвестпрес
300 _a80 с.
_bс ил.
_c20 см
380 _aDX
490 1 _aКлубът на Короната
490 1 _3Подсерия
_aВ Сребърните Кули
500 _aОриг. загл. Princess Charlotte and the Enchanted Rose / Vivian French. - Офс. изд.
653 _aповести
653 _aлитература за деца
653 _aдетска литература
852 _aЦб 248169
856 4 _qpdf
_u
856 4 _qpdf
_u
942 _cKNG
_n0
_023
944 _aCR
_c20.05.2010
_lГеновева Генчева
_k30560
944 _aED
_c05.10.2016
_lф /
_kГеновева_Генчева
999 _c91468
_d91468